Central Library OPAC University of Rajshahi

আধুনিক বাণিজ্যিক আইন / (Record no. 47298)

MARC details
000 -LEADER
fixed length control field 00903nam a2200241 a 4500
001 - CONTROL NUMBER
control field 47298
003 - CONTROL NUMBER IDENTIFIER
rucl marc code BD-RjUL
005 - DATE AND TIME OF LATEST TRANSACTION
control field 20211209054306.0
008 - FIXED-LENGTH DATA ELEMENTS--GENERAL INFORMATION
fixed length control field 160808s19811976bg ||||| |||| 00| 0 ben d
020 ## - INTERNATIONAL STANDARD BOOK NUMBER
Terms of availability TK.35.00
035 ## - SYSTEM CONTROL NUMBER
System control number (BD-RjUL)47417
040 ## - CATALOGING SOURCE
Original cataloging agency BD-RjUL
Language of cataloging ben
Transcribing agency BD-RjUL
041 ## - LANGUAGE CODE
Language code of text/sound track or separate title ben
082 ## - DEWEY DECIMAL CLASSIFICATION NUMBER
Edition number 23
Classification number 346.07
Author mark and year ISO 1981
100 ## - MAIN ENTRY--PERSONAL NAME
Personal name ইসলাম, মফিজুল
9 (RLIN) 143963
245 10 - TITLE STATEMENT
Title আধুনিক বাণিজ্যিক আইন /
Statement of responsibility, etc. মফিজুল ইসলাম
260 ## - PUBLICATION, DISTRIBUTION, ETC. (IMPRINT)
Place of publication, distribution, etc. ঢাকা :
Name of publisher, distributor, etc. স্টুদেন্টস পাবলিকেশন্স,
Date of publication, distribution, etc. ১৯৭৬ [মুদ্রণ ১৯৮১]
300 ## - PHYSICAL DESCRIPTION
Pagination [২],৫৯০[৬৫] ;
Size ২১ সেমি.
500 ## - GENERAL NOTE
General note পরিশিষ্ট্য সংযুক্ত
650 ## - SUBJECT ADDED ENTRY--TOPICAL TERM
Topical term or geographic name as entry element বাণিজ্যিক আইন
9 (RLIN) 143964
Topical term or geographic name as entry element Commercial law
9 (RLIN) 143965
942 ## - ADDED ENTRY ELEMENTS (KOHA)
Source of classification or shelving scheme Dewey Decimal Classification
Koha item type Books
Holdings
Lost status Source of classification or shelving scheme Damaged status Not for loan Collection code Permanent Location Current Location Shelving location Date acquired Source of acquisition Cost, normal purchase price Total Checkouts Full call number Date last seen Copy number Koha item type
  Dewey Decimal Classification     Non-fiction Central Library, University of Rajshahi Central Library, University of Rajshahi   05/07/1983 Idial library, Dhaka 45.00   B 346.07 ISO 1981 08/08/2016 C-2 Books
  Dewey Decimal Classification     Non-fiction Central Library, University of Rajshahi Central Library, University of Rajshahi   26/01/1977 Aligor library, Rajshahi 30.00   B 346.07 ISO 1976 08/08/2016 C-3 Books
  Dewey Decimal Classification     Non-fiction Central Library, University of Rajshahi Central Library, University of Rajshahi   09/06/1983 Aligor library, Rajshahi 45.00   B 346.07 ISO 1981 08/08/2016 C-4 Books